00436 2200157 4500001002100000005001500021035002000036245008900056100001500145300002800160260003400188082000800222084001400230020002200244990001200266INLIS00000000000308220250930091608 a0010-09250004291 aHistorical Trail In Purbalingga :bJejak Sejarah Kabupaten Purbalingga /cSusilowati0 aSusilowati a130 hlm ;c14,5 x 20 cm bCV. Farishma Indonesia,c2020 a900 a900 SUS h a978-623-6781-00-5 a0755557